Historia de la Tierra Santa desde la más remota antigüedad hasta el año 1839 / (Record no. 158886)
[ view plain ]
| 000 -LEADER | |
|---|---|
| campo de control de longitud fija | 01463nam a2200301 i 4500 |
| 001 - NÚMERO DE CONTROL | |
| campo de control | 158886 |
| 003 - IDENTIFICADOR DE NÚMERO DE CONTROL | |
| campo de control | ES-MaACL |
| 005 - FECHA Y HORA DE LA ÚLTIMA TRANSACCIÓN | |
| campo de control | 20230906211348.0 |
| 008 - DATOS DE LONGITUD FIJA--INFORMACIÓN GENERAL | |
| campo de control de longitud fija | 001010s1840 sp a |||| | spa d |
| 100 1# - ENTRADA PRINCIPAL--NOMBRE DE PERSONA | |
| Nombre de persona | Martín, |
| Títulos y otros términos asociados al nombre | Abad. |
| 9 (RLIN) | 168352 |
| 245 10 - MENCIÓN DEL TÍTULO | |
| Título | Historia de la Tierra Santa desde la más remota antigüedad hasta el año 1839 / |
| Mención de responsabilidad, etc. | por el abate Martín ; adornada con hermosas láminas grabadas en acero... ; y acompañada de un hermoso Atlas geográfico-histórico... dirigido por A. Houzé ; traducida por M.O. y J.C. |
| 260 ## - PUBLICACIÓN, DISTRIBUCIÓN, ETC. | |
| Lugar de publicación, distribución, etc. | Barcelona : |
| Nombre del editor, distribuidor, etc. | [s.n.], |
| Fecha de publicación, distribución, etc. | 1840 ( |
| Fabricante | Imp. de Brusi) |
| 300 ## - DESCRIPCIÓN FÍSICA | |
| Extensión | 2 v. (568 p., 18 h. de grab. ; 400 p., 19-33 [i.e. 15] h. de grab.) ; |
| Dimensiones | 23 cm. |
| 490 1# - MENCIÓN DE SERIE | |
| Mención de serie | El mundo, historia de todos los tiempos ; |
| Designación de volumen o secuencia | 1- 2 |
| 530 ## - NOTA DISPONIBLE DE FORMULARIO FÍSICO ADICIONAL | |
| Nota de formato físico adicional disponible | Disponible en formato digital. |
| 594 ## - Nota al título y mención de responsabilidad | |
| Nota al título y mención de responsabilidad | Nombre de 2º trad. tomado de Palau t. 8-153546: Juan Cortada. |
| 594 ## - Nota al título y mención de responsabilidad | |
| Nota al título y mención de responsabilidad | Mención de partes tomada de índices. |
| 597 ## - NOTA DE DESCRIPCIÓN FÍSICA | |
| NOTA DE DESCRIPCIÓN FÍSICA | Signaturizado. |
| 597 ## - NOTA DE DESCRIPCIÓN FÍSICA | |
| NOTA DE DESCRIPCIÓN FÍSICA | Antep. |
| 599 ## - NOTA A LAS ILUSTRACIONES | |
| NOTA A LAS ILUSTRACIONES | Las h. de grab. calc.: "Malo del., Lavin sculp.". "Lavin del., Lecerf sculp. " |
| 651 #4 - PUNTO DE ACCESO ADICIONAL DE MATERIA--NOMBRE GEOGRÁFICO | |
| Nombre geográfico | Palestina- |
| Subdivisión general | Historia. |
| 9 (RLIN) | 9197 |
| 700 1# - ENTRADA AGREGADA--NOMBRE PERSONAL | |
| Nombre de persona | Houzé, A. |
| 9 (RLIN) | 64368 |
| 700 1# - ENTRADA AGREGADA--NOMBRE PERSONAL | |
| Nombre de persona | Cortada, Juan ( |
| Fechas asociadas al nombre | 1805-1868) |
| 9 (RLIN) | 149955 |
| 830 1# - PUNTO DE ACCESO ADICIONAL DE SERIE-TÍTULO UNIFORME | |
| Título uniforme | El mundo, historia de todos los tiempos ; |
| Designación de volumen o secuencia | 1- 2 |
| 9 (RLIN) | 221895 |
| 852 ## - LOCALIZACIÓN | |
| Ubicación | ES-MaACL |
| Número de control de estantería | D-4098-99 |
| Nota libre | - Enc. hol. |
| 856 ## - LOCALIZACIÓN Y ACCESO ELECTRÓNICOS | |
| Identificador Uniforme de Recursos | <a href="https://bibliotecadigital.aecid.es/bibliodig/es/consulta/registro.do?id=1905">https://bibliotecadigital.aecid.es/bibliodig/es/consulta/registro.do?id=1905</a> |
| Nota pública | Biblioteca Digital AECID |
| Estatus retirado | Estado de pérdida | Estado de daño | No para préstamo | Colección | Biblioteca de origen | Biblioteca actual | Ubicación en estantería | Fecha de adquisición | Total de préstamos | Signatura topográfica completa | Código de barras | Visto por última vez | Precio de reemplazo | Tipo de ítem Koha |
|---|---|---|---|---|---|---|---|---|---|---|---|---|---|---|
| Colección digital | Biblioteca del Ateneo de Madrid | Biblioteca del Ateneo de Madrid | Sala Valle Inclán | 17/01/2008 | D-4098-99 | 901166302 | 23/02/2023 | 23/02/2023 | Libro impreso antiguo |
